00755nam a22002057a 450000500170000001000130001702000260003003500140005603700100007008200110008010000290009124500950012026000360021527000380025130000270028950000510031694200250036799900170039295201400040920110905104659.0 aG-001397 a9788183390675c895.00 a G-001397 bGift  a954.11 aKoul, Gwasha Lal 934290 aKashmir then and now:cby Gwasha Lal Koul ba historical servey (5000 B.C. to 1972 A.D.) / aSrinagar bGulshan Books c2009 aResidency Road,bSrinagare190001 axiv, 311p. c22cm (Hb) aIncludes index and bibliographical references  2ddccENh954.11mKOU c56263d56263 001040708NFICaJPbJPd2011-09-05egiftg895.00l8o954.11 KOUpG-001397r2024-01-20 00:00:00s2024-01-06t1v895.00w2011-09-05yEN